01222 2200205 4500001002100000005001500021008004100036020002200077035002000099082000800119084001400127100002000141245004000161250000600201260003500207300001200242520074000254650001000994990001201004INLIS00000000000014620240422015624240422 g f ind  a978-602-257-930-4 a0010-0424000122 a200 a200 RAH i aNurhadi, Rahmat1 aIsra Mi'raj Cinta /cRahmat Nurhadi a1 aJakarta :bTinta Medina,c2014 a444 hlm aCinta adalah anugerah. Jodh adalah takdir yang tak mungkin lepas dari kehidupan manusia. Oleh karena itu, dalam menuju cahaya tersebut seorang hamba yang diceritakan dalam novel ini (Alfie) mengalami kisah cinta yang menakjudkan. Sebab, Allah yang langsung memilihkan jodoh untuknya. Dengan kesungguhannya, Alfie berusaha meyakini dan mengejar cintanya meskipun rintangan tak luput mendera.Novel ini mencoba menggabungkan kisah-kisah teladan ke dalam kisah nyata dalam kehidupan sehari-hari di sekeliling kita agar mudah dipahami dan bias berefek langsung pada keimanan dan ketakwaan kita kepada Allah SWT. Selain itu, dalam novel ini pun terdapat banyak kekayaan ilmu dan nasihat yang sangat dibuthkan untuk menghilangkan dahaga hati. 4aNovel a0732509